[Event "Mercosur Cup 19th"]
[Site "Buenos Aires"]
[Date "2015.06.14"]
[Round "11"]
[White "Spangenberg, Hugo"]
[Black "Sosa, Tomas"]
[Result "0-1"]
[WhiteElo "2487"]
[BlackElo "2385"]
[PlyCount "98"]
[EventDate "2015.06.04"]
[EventType "tourn"]
[EventRounds "11"]
[EventCountry "ARG"]
[EventCategory "10"]
[SourceTitle "CBM 166 Extra"]
[Source "ChessBase"]
[SourceDate "2015.06.18"]
[SourceVersion "1"]
[SourceVersionDate "2015.06.18"]
[SourceQuality "1"]

1. Nf3 Nf6 2. d4 g6 3. Bg5 Bg7 4. Nbd2 d5 5. e3 Ne4 6. Bf4 c5 7. c3 Qb6 8. Qb3 Nxd2 9. Nxd2 0-0 10. Qxb6 axb6 11. Bc7 Nd7 12. Bb5 e5 13. dxc5 bxc5 14. Bd6 Rd8 15. Bxd7 Bxd7 16. Bxc5 Bb5 17. Bb4 d4 18. c4 dxe3 19. cxb5 exd2+ 20. Bxd2 e4 21. a4 Bxb2 22. Ra2 Be5 23. Ke2 f5 24. g3 Kf7 25. a5 Rd5 26. Rb1 Rd6 27. Rb3 Ke6 28. Be3 Kd7 29. Rba3 Rd5 30. Rd2 Ke6 31. Rxd5 Kxd5 32. a6 Kc4 33. Ra5 b6 34. Ra3 Kb4 35. Ra2 Kxb5 36. a7 Kc6 37. Rc2+ Kb7 38. Rd2 Rxa7 39. Rd5 Bb8 40. Rd8 Be5 41. Re8 Bd6 42. h4 Kc6 43. h5 gxh5 44. Re6 Ra2+ 45. Ke1 Kd5 46. Rh6 Bc5 47. Bxc5 bxc5 48. Rxh5 Ke6 49. Rxh7 Rc2 0-1

[Event "Mercosur Cup 19th"]
[Site "Buenos Aires"]
[Date "2015.06.09"]
[Round "6"]
[White "Spangenberg, Hugo"]
[Black "Rodriguez Vila, Andres"]
[Result "0-1"]
[WhiteElo "2487"]
[BlackElo "2469"]
[PlyCount "74"]
[EventDate "2015.06.04"]
[EventType "tourn"]
[EventRounds "11"]
[EventCountry "ARG"]
[EventCategory "10"]
[SourceTitle "CBM 166 Extra"]
[Source "ChessBase"]
[SourceDate "2015.06.18"]
[SourceVersion "1"]
[SourceVersionDate "2015.06.18"]
[SourceQuality "1"]

1. e4 e6 2. d4 d5 3. Nc3 Bb4 4. e5 Ne7 5. Bd2 b6 6. Nf3 h6 7. a4 0-0 8. Nb5 Bxd2+ 9. Qxd2 Ba6 10. Ra3 c6 11. Nd6 Bxf1 12. Kxf1 f6 13. h4 Nd7 14. Qe2 c5 15. exf6 Rxf6 16. Ne5 cxd4 17. Ng4 Nc6 18. Nxf6+ Qxf6 19. Nb5 Nde5 20. Rg3 Rf8 21. Kg1 Ng6 22. Qd2 Nf4 23. b3 a6 24. Na3 d3 25. cxd3 Qa1+ 26. Kh2 Qxa3 27. Rc1 Ne7 28. Rf3 Qd6 29. g3 Neg6 30. gxf4 Rxf4 31. Rg3 Nxh4 32. Rc8+ Kh7 33. Kh1 Nf5 34. Rg2 Qe5 35. Qc3 Nd4 36. Rg3 Rxf2 37. Qc7 Qh5+ 0-1

[Event "American Continental 02nd"]
[Site "Buenos Aires"]
[Date "2003.08.26"]
[Round "8"]
[White "Bielicki, Carlos"]
[Black "Spangenberg, Hugo"]
[Result "0-1"]
[WhiteElo "2289"]
[BlackElo "2495"]
[PlyCount "112"]
[EventDate "2003.08.17"]
[EventType "swiss"]
[EventRounds "11"]
[EventCountry "ARG"]
[SourceTitle "CBM 097"]
[Source "ChessBase"]
[SourceDate "2003.11.11"]
[SourceVersion "1"]
[SourceVersionDate "2003.11.11"]
[SourceQuality "1"]

1. Nf3 d6 2. d4 Bg4 3. c4 Bxf3 4. exf3 g6 5. Nc3 Bg7 6. Be2 c6 7. d5 Nd7 8. 0-0 Nh6 9. Re1 0-0 10. Bg5 Re8 11. Rc1 Nf5 12. Bd3 Nd4 13. Qd2 Ne5 14. Qd1 Qb6 15. Be3 c5 16. b3 a6 17. f4 Nxd3 18. Qxd3 Qa5 19. Bd2 Qa3 20. Rb1 b5 21. Bc1 Qa5 22. Bd2 Qc7 23. Ne2 Rab8 24. Rec1 Qb7 25. Nc3 Qd7 26. h3 Rb7 27. Ne2 Reb8 28. Nxd4 cxd4 29. Rc2 Qf5 30. Qxf5 gxf5 31. c5 d3 32. Rcc1 dxc5 33. Rxc5 Rd7 34. Bc3 Bxc3 35. Rxc3 Rxd5 36. Rd1 Rbd8 37. Kf1 R8d6 38. f3 h5 39. h4 f6 40. Kf2 Kf7 41. Rd2 b4 42. Rc4 a5 43. Rc1 e5 44. Ke3 exf4+ 45. Kxf4 Rd4+ 46. Ke3 Rxh4 47. Rxd3 Rxd3+ 48. Kxd3 Rh2 49. Rc2 h4 50. Re2 Kg6 51. Ke3 Kg5 52. Rd2 h3 53. f4+ Kg4 54. gxh3+ Rxh3+ 55. Kd4 Kxf4 56. Kc4 Re3 0-1

[Event "American Continental 02nd"]
[Site "Buenos Aires"]
[Date "2003.08.25"]
[Round "7"]
[White "Dorin, Mauricio"]
[Black "Spangenberg, Hugo"]
[Result "1-0"]
[WhiteElo "2395"]
[BlackElo "2495"]
[PlyCount "149"]
[EventDate "2003.08.17"]
[EventType "swiss"]
[EventRounds "11"]
[EventCountry "ARG"]
[SourceTitle "CBM 097"]
[Source "ChessBase"]
[SourceDate "2003.11.11"]
[SourceVersion "1"]
[SourceVersionDate "2003.11.11"]
[SourceQuality "1"]

1. e4 Nc6 2. d4 d5 3. e5 Bf5 4. c3 Qd7 5. Bd3 0-0-0 6. Ne2 f6 7. Bxf5 Qxf5 8. Ng3 Qg6 9. f4 h5 10. Qf3 h4 11. Nf1 Nh6 12. Ne3 e6 13. exf6 gxf6 14. f5 exf5 15. 0-0 Ne7 16. b3 Rg8 17. Ba3 Kb8 18. Bxe7 Bxe7 19. Rf2 Bd6 20. h3 f4 21. Nxd5 Qf5 22. Nxf4 Rg3 23. Qd5 Re8 24. Nd2 Rxc3 25. Nc4 Bxf4 26. Qxf5 Nxf5 27. Rxf4 Ng3 28. Rxh4 b6 29. Kh2 f5 30. Ne5 Kb7 31. Nf3 Rg8 32. Rf4 Rc2 33. Ne1 Rd2 34. Rf3 Ne4 35. Rxf5 Nc3 36. a3 Re8 37. Rc1 Ne4 38. Rf7 Rc8 39. Re7 Nd6 40. Nf3 Rd3 41. Rb1 Rg8 42. Rc1 Rc8 43. Rb1 Rg8 44. Rb2 Nf5 45. Rf7 Ne3 46. a4 Rd1 47. g4 Rh8 48. g5 Nf1+ 49. Kg2 Ne3+ 50. Kg3 Nf1+ 51. Kg4 Ne3+ 52. Kf4 Nd5+ 53. Ke5 Nb4 54. Rh2 Rf1 55. g6 Rg8 56. Rg2 Nc6+ 57. Ke4 Re8+ 58. Kd3 Nb4+ 59. Kd2 Rb1 60. Kc3 a5 61. Ne5 Nd5+ 62. Kc2 Rh1 63. Rg3 Nb4+ 64. Kd2 Rh2+ 65. Ke3 Nc2+ 66. Ke4 Rd2 67. Rc3 Rc8 68. Nf3 Rg2 69. g7 Nb4 70. h4 Re8+ 71. Ne5 Na6 72. h5 Re6 73. Rh3 Rh6 74. Kf3 Rg5 75. Ng6 1-0

[Event "American Continental 02nd"]
[Site "Buenos Aires"]
[Date "2003.08.23"]
[Round "6"]
[White "Spangenberg, Hugo"]
[Black "Onischuk, Alexander"]
[Result "0-1"]
[WhiteElo "2495"]
[BlackElo "2657"]
[PlyCount "67"]
[EventDate "2003.08.17"]
[EventType "swiss"]
[EventRounds "11"]
[EventCountry "ARG"]
[SourceTitle "CBM 097"]
[Source "ChessBase"]
[SourceDate "2003.11.11"]
[SourceVersion "1"]
[SourceVersionDate "2003.11.11"]
[SourceQuality "1"]

1. Nf3 Nf6 2. c4 e6 3. g3 d5 4. b3 c5 5. Bg2 Nc6 6. 0-0 Be7 7. e3 0-0 8. Bb2 d4 9. exd4 cxd4 10. Re1 Ne8 11. Ne5 Nxe5 12. Rxe5 f6 13. Re1 e5 14. d3 Nc7 15. Ba3 Ne6 16. Qc1 Kh8 17. Nd2 Rb8 18. Ne4 b6 19. Rb1 Bb7 20. Bxe7 Qxe7 21. b4 g5 22. Qd1 Rg8 23. h3 f5 24. Nd2 Nf4 25. Bf1 g4 26. h4 Ba8 27. Kh2 Qb7 28. f3 gxf3 29. Qxf3 Qg7 30. Qf2 Nh5 31. Nf3 Nxg3 32. Bh3 Bxf3 33. Qxf3 e4 34. Qf4 0-1

[Event "American Continental 02nd"]
[Site "Buenos Aires"]
[Date "2003.08.18"]
[Round "2"]
[White "Hobaica, Juan Pablo"]
[Black "Spangenberg, Hugo"]
[Result "0-1"]
[WhiteElo "2281"]
[BlackElo "2495"]
[PlyCount "72"]
[EventDate "2003.08.17"]
[EventType "swiss"]
[EventRounds "11"]
[EventCountry "ARG"]
[SourceTitle "CBM 097"]
[Source "ChessBase"]
[SourceDate "2003.11.11"]
[SourceVersion "1"]
[SourceVersionDate "2003.11.11"]
[SourceQuality "1"]

1. d4 Nf6 2. c4 g6 3. Nc3 Bg7 4. e4 d6 5. Be2 0-0 6. Nf3 c5 7. d5 e6 8. 0-0 exd5 9. cxd5 Re8 10. Nd2 a6 11. a4 Nbd7 12. Re1 Qe7 13. Nc4 Ne5 14. Nb6 Rb8 15. Bf4 Nfd7 16. Nxc8 Rbxc8 17. a5 h6 18. Qc2 g5 19. Bg3 Rc7 20. b3 Ng6 21. Rac1 Qf6 22. Na4 Nf4 23. b4 c4 24. Nb6 Ne5 25. Bxf4 gxf4 26. Bf1 f3 27. g3 h5 28. Bh3 Nd3 29. Rcd1 Nxe1 30. Rxe1 Qc3 31. Qb1 Bd4 32. Rd1 Qb3 33. Qc1 Bg7 34. Re1 c3 35. Nd7 Re7 36. Nc5 Qxb4 0-1

[Event "Najdorf Memorial Great fin"]
[Site "Buenos Aires"]
[Date "2002.10.06"]
[Round "3.5"]
[White "Spangenberg, Hugo"]
[Black "Pierrot, Juan Facundo"]
[Result "1-0"]
[WhiteElo "2508"]
[BlackElo "2430"]
[PlyCount "49"]
[EventDate "2002.09.01"]
[EventType "k.o."]
[EventRounds "4"]
[EventCountry "ARG"]
[SourceTitle "CBM 090 Extra"]
[Source "ChessBase"]
[SourceDate "2002.11.07"]
[SourceVersion "1"]
[SourceVersionDate "2002.11.07"]
[SourceQuality "1"]

1. Nf3 c5 2. c4 Nc6 3. g3 g6 4. Bg2 Bg7 5. 0-0 e5 6. Nc3 Nge7 7. Ne1 d6 8. Nc2 Be6 9. Ne3 a6 10. Rb1 Rb8 11. a3 b5 12. d3 0-0 13. Ncd5 f5 14. cxb5 axb5 15. b4 cxb4 16. Nxb4 Nxb4 17. Rxb4 d5 18. d4 f4 19. Nc2 Nc6 20. Rb1 fxg3 21. hxg3 e4 22. Bf4 Rb7 23. Qd2 Na5 24. Ne3 Qd7 25. Qxa5 1-0

[Event "Najdorf Memorial Great fin"]
[Site "Buenos Aires"]
[Date "2002.10.05"]
[Round "3.1"]
[White "Spangenberg, Hugo"]
[Black "Pierrot, Juan Facundo"]
[Result "1/2-1/2"]
[WhiteElo "2508"]
[BlackElo "2430"]
[PlyCount "27"]
[EventDate "2002.09.01"]
[EventType "k.o."]
[EventRounds "4"]
[EventCountry "ARG"]
[SourceTitle "CBM 090 Extra"]
[Source "ChessBase"]
[SourceDate "2002.11.07"]
[SourceVersion "1"]
[SourceVersionDate "2002.11.07"]
[SourceQuality "1"]

1. g3 g6 2. Bg2 Bg7 3. Nf3 c5 4. c3 Nf6 5. d4 cxd4 6. cxd4 d5 7. Nc3 0-0 8. Ne5 e6 9. 0-0 Nfd7 10. f4 Nc6 11. Be3 Nb6 12. Bf2 Ne7 13. a4 Bd7 14. a5 1/2-1/2

[Event "Mercosur Cup 5th"]
[Site "Vicente Lopez"]
[Date "2002.07.29"]
[Round "11"]
[White "Spangenberg, Hugo"]
[Black "Slipak, Sergio"]
[Result "1/2-1/2"]
[WhiteElo "2508"]
[BlackElo "2498"]
[PlyCount "26"]
[EventDate "2002.07.19"]
[EventType "tourn"]
[EventRounds "11"]
[EventCountry "ARG"]
[EventCategory "7"]
[SourceTitle "CBM 089 Extra"]
[Source "ChessBase"]
[SourceDate "2002.09.10"]
[SourceVersion "2"]
[SourceVersionDate "2002.09.10"]
[SourceQuality "1"]

1. e4 e6 2. d4 d5 3. exd5 exd5 4. Nf3 Nf6 5. Bd3 Be7 6. 0-0 0-0 7. b3 c6 8. Bf4 Re8 9. Nbd2 Nbd7 10. Re1 Nf8 11. c3 Ng6 12. Bg3 Be6 13. Qc2 Qd7 1/2-1/2

[Event "Mercosur Cup 5th"]
[Site "Vicente Lopez"]
[Date "2002.07.21"]
[Round "3"]
[White "Pelikian, Jefferson"]
[Black "Spangenberg, Hugo"]
[Result "1/2-1/2"]
[WhiteElo "2409"]
[BlackElo "2508"]
[PlyCount "32"]
[EventDate "2002.07.19"]
[EventType "tourn"]
[EventRounds "11"]
[EventCountry "ARG"]
[EventCategory "7"]
[SourceTitle "CBM 089 Extra"]
[Source "ChessBase"]
[SourceDate "2002.09.10"]
[SourceVersion "2"]
[SourceVersionDate "2002.09.10"]
[SourceQuality "1"]

1. e4 e6 2. d4 d5 3. Nd2 dxe4 4. Nxe4 Nd7 5. Nf3 Ngf6 6. Nxf6+ Nxf6 7. Bd3 c5 8. dxc5 Bxc5 9. 0-0 Qc7 10. Qe2 Bd6 11. Bb5+ Bd7 12. Bxd7+ Nxd7 13. Be3 0-0 14. Rad1 Nf6 15. Bd4 Be7 16. c4 Rfd8 1/2-1/2

[Event "Mercosur Cup 5th"]
[Site "Vicente Lopez"]
[Date "2002.07.19"]
[Round "1"]
[White "Roselli Mailhe, Bernardo"]
[Black "Spangenberg, Hugo"]
[Result "1-0"]
[WhiteElo "2426"]
[BlackElo "2508"]
[PlyCount "71"]
[EventDate "2002.07.19"]
[EventType "tourn"]
[EventRounds "11"]
[EventCountry "ARG"]
[EventCategory "7"]
[SourceTitle "CBM 089 Extra"]
[Source "ChessBase"]
[SourceDate "2002.09.10"]
[SourceVersion "2"]
[SourceVersionDate "2002.09.10"]
[SourceQuality "1"]

1. e4 c5 2. Nc3 Nc6 3. g3 g6 4. Bg2 Bg7 5. d3 e5 6. f4 d6 7. Nh3 Bxh3 8. Bxh3 exf4 9. Bxf4 Nge7 10. 0-0 0-0 11. Bg2 Qb6 12. Rb1 Ne5 13. Kh1 h6 14. Qd2 Kh7 15. h3 Rac8 16. Rf2 Qd8 17. Rbf1 Qe8 18. Nd1 b5 19. a3 N7c6 20. c3 Qe6 21. Ne3 Ne7 22. d4 cxd4 23. cxd4 Nc4 24. Nxc4 Rxc4 25. d5 Qd7 26. Be3 Ng8 27. Kh2 Be5 28. Bf4 Kg7 29. b3 Rc7 30. h4 Qe7 31. Bh3 Rc3 32. Be6 Bf6 33. Bxh6+ Nxh6 34. Rxf6 Qc7 35. Qg5 Rc2+ 36. Kh3 1-0

[Event "ARG-ch 72nd"]
[Site "Pinamar"]
[Date "2002.03.19"]
[Round "11"]
[White "Spangenberg, Hugo"]
[Black "Felgaer, Ruben Alejandro"]
[Result "1/2-1/2"]
[WhiteElo "2508"]
[BlackElo "2509"]
[PlyCount "91"]
[EventDate "2002.03.11"]
[EventType "tourn"]
[EventRounds "13"]
[EventCountry "ARG"]
[EventCategory "9"]
[SourceTitle "CBM 088"]
[Source "ChessBase"]
[SourceDate "2002.03.21"]
[SourceVersion "1"]
[SourceVersionDate "2002.03.21"]
[SourceQuality "1"]

1. d4 Nf6 2. Nf3 g6 3. c4 Bg7 4. Nc3 0-0 5. e4 d6 6. Be2 c5 7. 0-0 cxd4 8. Nxd4 Nc6 9. Be3 Bd7 10. Nc2 a6 11. f3 Rc8 12. Qd2 Re8 13. Rfc1 Ne5 14. b3 Qa5 15. Nd4 Nc6 16. Rab1 Nxd4 17. Bxd4 Be6 18. Bf1 Nd7 19. Be3 Qb4 20. Rc2 b5 21. Qc1 bxc4 22. bxc4 Qa5 23. Nd5 Qa4 24. Rb3 Bxd5 25. Ra3 Qb4 26. Rb3 Qa4 27. cxd5 Rxc2 28. Qxc2 Bd4 29. Bxd4 Qxd4+ 30. Qf2 Qa4 31. Qb2 Nc5 32. Rb4 Qd7 33. h3 Qc7 34. Kh2 Rf8 35. Rb6 Qa7 36. Qb4 Rc8 37. a4 a5 38. Qb5 Nxa4 39. Rb7 Qf2 40. Qd7 Rf8 41. Qxa4 Qxf1 42. Qxa5 Qc1 43. Qa7 Re8 44. Rb8 Qf4+ 45. Kg1 Qc1+ 46. Kh2 1/2-1/2

[Event "ARG-ch 72nd"]
[Site "Pinamar"]
[Date "2002.03.16"]
[Round "9"]
[White "Campora, Daniel Hugo"]
[Black "Spangenberg, Hugo"]
[Result "1/2-1/2"]
[WhiteElo "2542"]
[BlackElo "2508"]
[PlyCount "20"]
[EventDate "2002.03.11"]
[EventType "tourn"]
[EventRounds "13"]
[EventCountry "ARG"]
[EventCategory "9"]
[SourceTitle "CBM 088"]
[Source "ChessBase"]
[SourceDate "2002.03.21"]
[SourceVersion "1"]
[SourceVersionDate "2002.03.21"]
[SourceQuality "1"]

1. e4 c6 2. d4 d5 3. exd5 cxd5 4. Bd3 Nc6 5. c3 Nf6 6. Bf4 e6 7. Nf3 Bd6 8. Bxd6 Qxd6 9. 0-0 0-0 10. Nbd2 Bd7 1/2-1/2

[Event "ARG-ch 72nd"]
[Site "Pinamar"]
[Date "2002.03.15"]
[Round "7"]
[White "Sorin, Ariel"]
[Black "Spangenberg, Hugo"]
[Result "1/2-1/2"]
[WhiteElo "2512"]
[BlackElo "2508"]
[PlyCount "124"]
[EventDate "2002.03.11"]
[EventType "tourn"]
[EventRounds "13"]
[EventCountry "ARG"]
[EventCategory "9"]
[SourceTitle "CBM 088"]
[Source "ChessBase"]
[SourceDate "2002.03.21"]
[SourceVersion "1"]
[SourceVersionDate "2002.03.21"]
[SourceQuality "1"]

1. d4 d5 2. c4 e6 3. Nc3 Nf6 4. Bg5 Nbd7 5. e3 Be7 6. Rc1 0-0 7. Nf3 dxc4 8. Bxc4 a6 9. e4 b5 10. Bd3 Bb7 11. e5 Nd5 12. Ne4 Bxg5 13. Nexg5 h6 14. Ne4 Nb4 15. Bb1 Nxa2 16. Qc2 Nb4 17. Qxc7 Rc8 18. Qxd8 Rfxd8 19. Ke2 Bxe4 20. Bxe4 Nb6 21. Bb7 Rxc1 22. Rxc1 Nc4 23. Be4 Kf8 24. b3 Nb6 25. Ke3 Rc8 26. Rc5 Ke7 27. Ne1 Kd8 28. g3 Rc7 29. f4 g6 30. Bg2 Kd7 31. Nd3 Nc2+ 32. Ke4 Nd5 33. Rxc7+ Kxc7 34. Nc5 Kb6 35. Bf1 Ka5 36. Kd3 Ncb4+ 37. Kd2 Nc6 38. Kd3 Kb6 39. Ke4 Ka5 40. Kd3 Kb4 41. Bg2 a5 42. Bxd5 exd5 43. g4 a4 44. bxa4 bxa4 45. Na6+ Ka5 46. Nc7 Kb4 47. Na6+ Ka5 48. Nc7 a3 49. Kc3 Nxd4 50. Nxd5 Nf3 51. Kb3 Kb5 52. e6 Nd4+ 53. Kxa3 Nxe6 54. f5 gxf5 55. gxf5 Nd4 56. Ne3 Kc5 57. Kb2 Nf3 58. Kc3 Nxh2 59. Kd3 Nf3 60. Ke4 Ng5+ 61. Ke5 Nh7 62. f6 Nxf6 1/2-1/2

[Event "Najdorf Memorial Great fin"]
[Site "Buenos Aires"]
[Date "2000.09.14"]
[Round "3.3"]
[White "Ricardi, Pablo"]
[Black "Spangenberg, Hugo"]
[Result "1-0"]
[WhiteElo "2488"]
[BlackElo "2542"]
[PlyCount "57"]
[EventDate "2000.09.09"]
[EventType "k.o."]
[EventRounds "4"]
[EventCountry "ARG"]
[SourceTitle "CBM 079"]
[Source "ChessBase"]
[SourceDate "2000.11.21"]
[SourceVersion "1"]
[SourceVersionDate "2000.11.21"]
[SourceQuality "1"]

1. d4 d5 2. c4 e6 3. Nc3 c6 4. e4 Bb4 5. cxd5 cxd5 6. exd5 Qxd5 7. Nf3 Nf6 8. Bd3 Bd7 9. 0-0 Bxc3 10. bxc3 0-0 11. Bg5 Bc6 12. c4 Qd6 13. Bxf6 gxf6 14. d5 Bd7 15. dxe6 Qxe6 16. Re1 Qg4 17. Re4 Qg7 18. Rh4 f5 19. Rh3 Kh8 20. Rb1 b6 21. Nh4 Qg4 22. Be2 Qf4 23. Nf3 Rg8 24. Rg3 Be6 25. Rxg8+ Kxg8 26. Qd8+ Kg7 27. Nd4 Qe4 28. Rd1 Nd7 29. Qg5+ 1-0

[Event "Buenos Aires zt 2.5"]
[Site "Buenos Aires"]
[Date "2000.07.27"]
[Round "2"]
[White "Crosa Coll, Martin"]
[Black "Spangenberg, Hugo"]
[Result "1/2-1/2"]
[WhiteElo "2242"]
[BlackElo "2542"]
[PlyCount "102"]
[EventDate "2000.07.26"]
[EventType "swiss"]
[EventRounds "9"]
[EventCountry "ARG"]
[SourceTitle "CBM 079"]
[Source "ChessBase"]
[SourceDate "2000.11.21"]
[SourceVersion "1"]
[SourceVersionDate "2000.11.21"]
[SourceQuality "1"]

1. e4 d5 2. exd5 Qxd5 3. Nc3 Qa5 4. Nf3 Nf6 5. Bc4 c6 6. Qe2 Bf5 7. Ne5 Bg6 8. d4 e6 9. Bd2 Bb4 10. h4 Nbd7 11. h5 Bf5 12. f3 Nxe5 13. dxe5 Nd7 14. 0-0-0 h6 15. g4 Bh7 16. f4 0-0-0 17. a3 Bxc3 18. Bxc3 Qa4 19. Rd4 c5 20. Bb5 cxd4 21. Bxa4 dxc3 22. Bxd7+ Rxd7 23. Rd1 cxb2+ 24. Kxb2 Rc7 25. c3 Kb8 26. Rd4 Rhc8 27. Qd2 g6 28. Rd8 gxh5 29. gxh5 Rxc3 30. Qd6+ Ka8 31. Rxc8+ Rxc8 32. Qd7 Kb8 33. Qxf7 Bf5 34. Qg7 a5 35. a4 Rc7 36. Qxh6 b6 37. Qf8+ Kb7 38. h6 Ka7 39. Kb3 Kb7 40. Qg8 Bc2+ 41. Kb2 Bf5 42. Qg2+ Ka7 43. Kb3 Kb8 44. Qg8+ Kb7 45. Qe8 Bc2+ 46. Ka2 Bf5 47. Kb2 Rc2+ 48. Kb3 Rc7 49. Qg8 Bc2+ 50. Kb2 Bf5 51. Qg2+ Ka7 1/2-1/2

[Event "Oz.com qual blitz"]
[Site "ICC INT"]
[Date "2000.03.05"]
[Round "2"]
[White "Spangenberg, Hugo"]
[Black "Patriarca, Luis"]
[Result "1-0"]
[WhiteElo "2531"]
[BlackElo "2307"]
[PlyCount "71"]
[EventDate "2000.03.05"]
[EventType "swiss (blitz)"]
[EventRounds "9"]
[EventCountry "USA"]
[SourceTitle "EXT 2001"]
[Source "ChessBase"]
[SourceDate "2000.11.22"]
[SourceVersion "1"]
[SourceVersionDate "2000.11.22"]
[SourceQuality "1"]

1. e4 c6 2. d4 d5 3. Nc3 dxe4 4. Nxe4 Nd7 5. Bd3 Ngf6 6. Ng5 e6 7. N1f3 Bd6 8. Qe2 h6 9. Ne4 Nxe4 10. Qxe4 Qc7 11. Bd2 c5 12. Qg4 Kf8 13. 0-0 c4 14. Be2 Rb8 15. b3 b5 16. bxc4 bxc4 17. Rab1 Bb7 18. h3 Nf6 19. Qh4 Ke7 20. Ne5 Bd5 21. Qg3 Ne4 22. Qxg7 Bxe5 23. dxe5 Rhg8 24. Bb4+ Nc5 25. Qf6+ Ke8 26. g3 Rc8 27. Bh5 Ne4 28. Qf4 Rg5 29. Bd6 Qd7 30. g4 Nc3 31. Rbe1 Ba8 32. Qf6 Qb7 33. Qxe6+ Kd8 34. Qf6+ Ke8 35. f3 Qb6+ 36. Rf2 1-0

[Event "Buenos Aires zt 2.5"]
[Site "Buenos Aires"]
[Date "2000.??.??"]
[Round "5"]
[White "Peralta, Eduardo"]
[Black "Spangenberg, Hugo"]
[Result "0-1"]
[WhiteElo "2330"]
[BlackElo "2542"]
[PlyCount "98"]
[EventDate "2000.07.26"]
[EventType "swiss"]
[EventRounds "9"]
[EventCountry "ARG"]
[SourceTitle "CBM 079"]
[Source "ChessBase"]
[SourceDate "2000.11.21"]
[SourceVersion "1"]
[SourceVersionDate "2000.11.21"]
[SourceQuality "1"]

1. Nf3 d6 2. g3 e5 3. d3 f5 4. Bg2 Nf6 5. 0-0 Be7 6. c4 0-0 7. Nc3 Qe8 8. b4 Qh5 9. a4 f4 10. e3 Bg4 11. Rb1 Nbd7 12. exf4 exf4 13. d4 Rae8 14. Rb3 d5 15. c5 Ne4 16. Ne2 fxg3 17. fxg3 g5 18. Re3 c6 19. Qb3 Kh8 20. Nc3 Ndf6 21. Ne5 Bh3 22. Nxe4 Nxe4 23. Bxh3 Qxh3 24. Nf7+ Kg7 25. Ref3 Bf6 26. Ne5 Qc8 27. Qd3 Bxe5 28. dxe5 Rxf3 29. Rxf3 Rf8 30. Bb2 Kg6 31. Bd4 Rxf3 32. Qxf3 Qf5 33. Qxf5+ Kxf5 34. g4+ Ke6 35. Kf1 Nd2+ 36. Ke2 Nc4 37. h3 Nxe5 38. b5 Ng6 39. Kf3 Kf7 40. Bc3 Nf4 41. Be5 Nxh3 42. bxc6 bxc6 43. Bb8 a6 44. Kg3 Nf4 45. Bxf4 gxf4+ 46. Kxf4 Kf6 47. g5+ Ke6 48. a5 d4 49. Ke4 d3 0-1

[Event "Buenos Aires zt 2.5"]
[Site "Buenos Aires"]
[Date "2000.??.??"]
[Round "7"]
[White "Rodriguez Vila, Andres"]
[Black "Spangenberg, Hugo"]
[Result "0-1"]
[WhiteElo "2493"]
[BlackElo "2542"]
[PlyCount "96"]
[EventDate "2000.07.26"]
[EventType "swiss"]
[EventRounds "9"]
[EventCountry "ARG"]
[SourceTitle "CBM 079"]
[Source "ChessBase"]
[SourceDate "2000.11.21"]
[SourceVersion "1"]
[SourceVersionDate "2000.11.21"]
[SourceQuality "1"]

1. e4 c5 2. Nc3 Nc6 3. g3 g6 4. Bg2 Bg7 5. d3 d6 6. f4 e5 7. Nf3 Nge7 8. 0-0 0-0 9. Be3 Nd4 10. Qd2 Qb6 11. Rab1 Bd7 12. a3 Rac8 13. Kh1 a6 14. f5 gxf5 15. Bh6 f6 16. Nh4 fxe4 17. dxe4 Rf7 18. Bxg7 Kxg7 19. Nd1 c4 20. Ne3 Qc6 21. c3 Nb3 22. Qe2 b5 23. g4 Rcf8 24. Rbd1 Nc5 25. Nhf5+ Bxf5 26. Nxf5+ Nxf5 27. exf5 e4 28. Qe3 d5 29. Qd4 Nd3 30. g5 h6 31. gxh6+ Kh8 32. Rd2 Rh7 33. Qe3 Rg8 34. Rg1 Qd6 35. Bf1 Rxg1+ 36. Kxg1 Qf8 37. Rg2 Qxh6 38. Qd4 Rg7 39. Bxd3 cxd3 40. Rxg7 Kxg7 41. Qa7+ Kh8 42. Qa8+ Kg7 43. Qxd5 Qe3+ 44. Kf1 Kh6 45. Qe6 Qf3+ 46. Kg1 Kg5 47. Qg8+ Kf4 48. Qg6 Ke3 0-1

[Event "Buenos Aires zt 2.5"]
[Site "Buenos Aires"]
[Date "2000.??.??"]
[Round "3"]
[White "Spangenberg, Hugo"]
[Black "Roselli Mailhe, Bernardo"]
[Result "1/2-1/2"]
[WhiteElo "2542"]
[BlackElo "2400"]
[PlyCount "131"]
[EventDate "2000.07.26"]
[EventType "swiss"]
[EventRounds "9"]
[EventCountry "ARG"]
[SourceTitle "CBM 079"]
[Source "ChessBase"]
[SourceDate "2000.11.21"]
[SourceVersion "1"]
[SourceVersionDate "2000.11.21"]
[SourceQuality "1"]

1. e4 e5 2. Nf3 Nc6 3. Bb5 a6 4. Ba4 d6 5. c3 Bd7 6. 0-0 Nge7 7. d4 Ng6 8. Be3 Be7 9. d5 Nb8 10. c4 0-0 11. Nc3 Bxa4 12. Nxa4 f5 13. c5 fxe4 14. Nd2 Nd7 15. Nxe4 Nxc5 16. Naxc5 dxc5 17. Qb3 Kh8 18. Qxb7 Rb8 19. Qxa6 Qxd5 20. Nc3 Qf7 21. b3 Nh4 22. Qe2 Rb6 23. Ne4 Rg6 24. Ng3 e4 25. Rac1 Qd5 26. Rfd1 Qe5 27. Rc4 Nf5 28. Nxe4 Bd6 29. Ng3 Nxe3 30. Qxe3 Qxe3 31. fxe3 Ra8 32. Rd2 Bxg3 33. hxg3 Rxg3 34. Rxc5 Rxe3 35. Rxc7 h6 36. Kf2 Re6 37. Rc3 Ra3 38. Re3 Rf6+ 39. Ke1 Kh7 40. Kd1 Rfa6 41. Ree2 Kg6 42. Kc1 Kf5 43. Kb1 Kf4 44. Rd4+ Kg3 45. Rc2 g5 46. Rdc4 g4 47. R4c3+ Kh2 48. g3+ Kh3 49. b4 R6a4 50. b5 Rb4+ 51. Rb2 Rxc3 52. Rxb4 h5 53. Kb2 Rc8 54. Rb3 h4 55. gxh4+ Kxh4 56. a4 g3 57. Ka3 Rc1 58. Rb2 Kh3 59. a5 g2 60. Rxg2 Kxg2 61. a6 Kf3 62. Kb4 Ra1 63. Kc5 Ke4 64. b6 Ra5+ 65. Kc6 Rxa6 66. Kc7 1/2-1/2

[Event "Buenos Aires zt 2.5"]
[Site "Buenos Aires"]
[Date "2000.??.??"]
[Round "1"]
[White "Spangenberg, Hugo"]
[Black "Vasquez Schroder, Rodrigo Rafael"]
[Result "0-1"]
[WhiteElo "2542"]
[BlackElo "2454"]
[PlyCount "78"]
[EventDate "2000.07.26"]
[EventType "swiss"]
[EventRounds "9"]
[EventCountry "ARG"]
[SourceTitle "CBM 079"]
[Source "ChessBase"]
[SourceDate "2000.11.21"]
[SourceVersion "1"]
[SourceVersionDate "2000.11.21"]
[SourceQuality "1"]

1. e4 c5 2. Nf3 d6 3. d4 cxd4 4. Nxd4 Nf6 5. Nc3 a6 6. g3 e6 7. Bg2 Bd7 8. 0-0 Nc6 9. a4 Be7 10. Nb3 b6 11. f4 0-0 12. g4 g6 13. Be3 Rb8 14. h3 b5 15. Qe2 bxa4 16. Nxa4 Qc7 17. Nc3 Nb4 18. Qf2 Bc6 19. Nd4 Ba8 20. f5 e5 21. Nb3 d5 22. exd5 Nfxd5 23. Bh6 Nf4 24. Bxf4 exf4 25. Bxa8 Rxa8 26. Qxf4 Qxf4 27. Rxf4 Nxc2 28. Raa4 Rab8 29. Nd5 Bg5 30. Rf3 Rfd8 31. Ra5 Be3+ 32. Nxe3 Rxb3 33. Re5 f6 34. Re4 gxf5 35. gxf5 Rdd3 36. Kf2 Nd4 37. Rg3+ Kf8 38. Rgg4 Rxb2+ 39. Kg3 Nxf5+ 0-1